Official Languages of Countries #6 - Statistics

General Stats
  • This quiz has been taken 39 times
    18 since last reset
  • The average score is 14 of 17
Answer Stats
Country Language % Correct
Barbados English
100%
Singapore English
100%
Vatican City Italian
100%
Spain Spanish
100%
Thailand Thai
100%
Vatican City Latin
94%
Singapore Mandarin
94%
Serbia Serbian
94%
Comoros Arabic
88%
Cape Verde Portuguese
88%
Comoros French
82%
Laos Lao
82%
Singapore Malay
76%
Afghanistan Pashto
76%
Singapore Tamil
53%
Comoros Comorian
29%
Afghanistan Dari
24%
No matching quizzes found
Score Distribution
Percent of People with Each Score
Percentile by Number Answered
Your Score History
You have not taken this quiz since the last reset